000 00857nam a2200217 a 4500
001 38416
003 BD-RjUL
005 20211209052807.0
008 151126s20041974ii ||||| |||| 00| 0 ben d
035 _a(BD-RjUL)38521
040 _aBD-RjUL
_bben
_cBD-RjUL
041 _aben
082 _a891.44109
_bSIA 2004
100 _aসিকদার, অশ্রুকুমার
_9118663
245 _aআধুনিক কবিতার দিগবলয় /
_cঅশ্রুকুমার সিকদার
260 _aঢাকা :
_bঅরুণা,
_c১৯৭৪
_c[মুদ্রণ ২০০৪]
300 _a২৭৭ পৃ.;
_c২২ সেমি.
650 _aবাংলা কবিতা
_xইতিহাস ও সমালোচনা
_9118665
650 _aBengali poetry
_yHistory and criticism.
_9118666
942 _2ddc
_cBK
_02
999 _c38416
_d38416